<?xml version="1.0" encoding="UTF-8"?>
<record
    xmlns:xsi="http://www.w3.org/2001/XMLSchema-instance"
    xsi:schemaLocation="http://www.loc.gov/MARC21/slim http://www.loc.gov/standards/marcxml/schema/MARC21slim.xsd"
    xmlns="http://www.loc.gov/MARC21/slim">

  <leader>01500nam a22002297a 4500</leader>
  <controlfield tag="001">8655</controlfield>
  <controlfield tag="003">FISKH</controlfield>
  <controlfield tag="005">20251008151649.0</controlfield>
  <controlfield tag="008">251008b        cb ||||| |||| 00| 0 eng d</controlfield>
  <datafield tag="020" ind1=" " ind2=" ">
    <subfield code="a">9788178090214</subfield>
  </datafield>
  <datafield tag="040" ind1=" " ind2=" ">
    <subfield code="a">FISKH</subfield>
    <subfield code="b">eng</subfield>
    <subfield code="c">FISKH</subfield>
    <subfield code="d">FISKH</subfield>
  </datafield>
  <datafield tag="050" ind1=" " ind2=" ">
    <subfield code="a">BJ1581.2 .Z535</subfield>
  </datafield>
  <datafield tag="082" ind1=" " ind2=" ">
    <subfield code="a">158 </subfield>
  </datafield>
  <datafield tag="100" ind1=" " ind2=" ">
    <subfield code="a">Ziglar, Zig </subfield>
  </datafield>
  <datafield tag="245" ind1=" " ind2=" ">
    <subfield code="a">Something else to smile about : </subfield>
    <subfield code="b">More encouragement and inspiration for life's ups and downs /</subfield>
    <subfield code="c">Zig Ziglar</subfield>
  </datafield>
  <datafield tag="260" ind1=" " ind2=" ">
    <subfield code="a">Mumbai : </subfield>
    <subfield code="b">Magna,  </subfield>
    <subfield code="c">1999.</subfield>
  </datafield>
  <datafield tag="300" ind1=" " ind2=" ">
    <subfield code="a">204 pages : </subfield>
    <subfield code="b">color illustrations ; </subfield>
    <subfield code="c">21 cm</subfield>
  </datafield>
  <datafield tag="520" ind1=" " ind2=" ">
    <subfield code="a">Humorous anecdotes, poignant encounters, and touching narratives breathe life into lessons on character, leaving a legacy, true greatness, personal integrity, and overcoming adversity. In Something Else to Smile About, Ziglar shares stories of: the country lawyer who won case after case by understanding his opponent's point of view mediocre college athlete's who became legends in the professional ranks a Catholic sister whose "tough love" motivates teh chemically additced to take personal responsibility countless individuals who've learned that failure is an event, not a person Whether you need a morning shot of ambition or a refreshing thought before a good night's sleep, Something Else to Smile About is a daily source of motivation and encouragement you'll turn to again and again and enthusiastically share with others. </subfield>
  </datafield>
  <datafield tag="650" ind1=" " ind2=" ">
    <subfield code="a">Motivational </subfield>
    <subfield code="v">Bible Guide</subfield>
    <subfield code="x">Self-help</subfield>
  </datafield>
  <datafield tag="942" ind1=" " ind2=" ">
    <subfield code="2">ddc</subfield>
    <subfield code="c">BK</subfield>
    <subfield code="n">0</subfield>
  </datafield>
  <datafield tag="999" ind1=" " ind2=" ">
    <subfield code="c">8655</subfield>
    <subfield code="d">8655</subfield>
  </datafield>
  <datafield tag="952" ind1=" " ind2=" ">
    <subfield code="0">0</subfield>
    <subfield code="1">0</subfield>
    <subfield code="2">ddc</subfield>
    <subfield code="4">0</subfield>
    <subfield code="7">0</subfield>
    <subfield code="8">NFIC</subfield>
    <subfield code="a">001</subfield>
    <subfield code="b">001</subfield>
    <subfield code="c">LSHTK</subfield>
    <subfield code="d">2025-10-08</subfield>
    <subfield code="l">1</subfield>
    <subfield code="o">ZIG 158 BJ1581.2 .Z535 </subfield>
    <subfield code="p">2025-4499</subfield>
    <subfield code="r">2026-01-29 15:31:41</subfield>
    <subfield code="s">2026-01-06</subfield>
    <subfield code="t">1</subfield>
    <subfield code="w">2025-10-08</subfield>
    <subfield code="y">BK</subfield>
  </datafield>
</record>
